000
00361nam a22001577a 4500
003
MPLRDC
005
20220104153321.0
008
210129b ||||| |||| 00| 0 eng d
082
_a
428.82 ZTS
100
_a
郑天赐著
245
_a
幼儿的体操和游戏
_c
260
_a
_b
恒光出版社
_c
300
_b
平
650
_a
942
_c
BK
_o
428.82 ZTS
999
_c
53381
_d
53371